000 01183nam a2200217Ia 4500
003 Ost
005 20260416102355.0
008 260416s9999||||xx |||||||||||||| ||und||
040 _cfsecg
041 _aara
082 _a657.45
100 _aمختار رحماني، حكيمة
_eمؤلف
245 0 _aمحاضرات في مقياس المراجعة المالية /
_c حكيمة مختار رحماني
260 _aالجزائر
_bجامعة الجزائر3: كلية العلوم الإقتصادية، العلوم التجارية وعلوم التسيير
_c2020
300 _a86 ورقة
_c30 سم
504 _aمراجع ص.85
520 _aماهية المراجعة و خصائصها و معاييرها و نظام الرقابة الداخلية و مقومات نظام الرقابة الداخلية و و إجراءاته و إجراءات عملية المراجعة و تقييم نظام الرقابة الداخلية .
653 _aمراجعة الحسابات
710 _aجامعة الجزائر3: كلية العلوم الإقتصادية، العلوم التجارية وعلوم التسيير
_eناشر علمي
942 _cHANDOUT
999 _c41175
_d41175